• 首页
  • 本馆介绍
  • 公告通知
  • 最新文献
  • 馆藏检索
  • 电子资源
  • 读者导购
  • 参考咨询
  • 我的图书馆
  • 登录
  • 详细信息显示
  • 放入我的书架
  • 预约/预借图书
  • 作者相关作品
  • 分类相关作品
  • 丛书相关作品
  • 出版社相关作品

书目信息

  • 表格格式
  • 工作单格式
  • 卡片格式
题名:
引航
    
 
作者: ;中共北京市委 组织编写
分册:  
出版信息: 北京   北京出版社  2013
页数: 194页
开本: 24cm
丛书名:
单 册:
中图分类: G641.4
科图分类:
主题词: 时事政策教育--shi shi zheng ce jiao yu--高等学校--教学参考资料
电子资源:
ISBN: 978-7-200-09778-8
000 01003nam0 2200265 450
001 012001002837
005 20131031103940.0
010    @a978-7-200-09778-8@dCNY22.00
099    @aCAL 012014006658
100    @a20140117d2013 em y0chiy50 ea
101 0  @achi
102    @aCN@b110000
105    @aa a 000yy
106    @ar
200 1  @a引航@Ayin hang@e大学生关注的七个热点问题解读@f中共北京市委教育工作委员会组织编写
210    @a北京@c北京出版社@d2013
215    @a194页@c图@d24cm
320    @a有书目
330    @a本书选取国防、社会、经济、政治、道德、生态、就业等大学生关注的七个重点问题进行分析和解读。
517 1  @a大学生关注的七个热点问题解读@Ada xue sheng guan zhu de qi ge re dian wen ti jie du
606 0  @a时事政策教育@Ashi shi zheng ce jiao yu@x高等学校@j教学参考资料
690    @aG641.4@v5
711 02 @a中共北京市委@Azhong gong bei jing fu wei@b教育工作委员会@Bjiao yu gong zuo wei yuan hui@4组织编写
801  2 @aCN@b江苏凤凰@c20191020
905    @b1230851-3@dG641.4@e1432@f3
    
    引航:大学生关注的七个热点问题解读/中共北京市委教育工作委员会组织编写.-北京:北京出版社,2013
    194页:图;24cm
    
    
    ISBN 978-7-200-09778-8:CNY22.00
    本书选取国防、社会、经济、政治、道德、生态、就业等大学生关注的七个重点问题进行分析和解读。
●
相关链接 在E读中查询图书 在五车中查询图书 在当当中查询图书 在豆瓣中查询图书


正题名:引航     索取号:G641.4/1432         预约/预借

序号 登录号 条形码 馆藏地/架位号 状态 备注
1 1230851   212308518   第一样本阅览室/ [索取号:G641.4/1432] 在馆    
2 1230852   212308527   教育系资料室/ [索取号:G641.4/1432] 在馆    
3 1230853   212308536   第四借阅区/ [索取号:G641.4/1432] 在馆    
唐山师范学院图书馆 欢迎您!
大连网信软件有限公司© 版权所有